| 000 | 00729nam a2200217 i 4500 | ||
|---|---|---|---|
| 001 | 128795 | ||
| 003 | ES-MaACL | ||
| 005 | 20230906193349.0 | ||
| 007 | t| | ||
| 008 | 070525s1981 sp ||||1| spa d | ||
| 080 | _a662(02) | ||
| 100 | 1 |
_aTaton, Robert. _9109395 |
|
| 245 | 1 | 0 |
_aMinería _b: topografía subterránea, galerías, túneles, subsuelo / _cRobert Taton ; traducción de Valero Guillén Parro y Mª Mercedes Garrido Bueso. |
| 250 | _a3ª ed. | ||
| 260 |
_aMadrid : _bParaninfo, _c1981. |
||
| 300 |
_a190 p. : _bil. ; _c21 cm. |
||
| 650 | 4 |
_aTopografía minera. _9162215 |
|
| 700 | 1 |
_aGuillén Parro, Valero. _960789 |
|
| 700 | 1 |
_aGarrido Bueso, María Mercedes. _955689 |
|
| 852 |
_aES-MaACL _jG-3495 _bR.114589 |
||
| 999 |
_c128795 _d128795 |
||